[Event "Politiken Cup 36th"]
[Site "Helsingor"]
[Date "2014.07.24"]
[Round "5"]
[White "Jensen, Soren Holm"]
[Black "Hansen, Tommy"]
[Result "1/2-1/2"]
[WhiteElo "1975"]
[BlackElo "1797"]
[PlyCount "83"]
[EventDate "2014.07.21"]
[EventType "swiss"]
[EventRounds "10"]
[EventCountry "DEN"]
[SourceTitle "CBM 161 Extra"]
[Source "ChessBase"]
[SourceDate "2014.08.29"]
[SourceVersion "1"]
[SourceVersionDate "2014.08.29"]
[SourceQuality "1"]

1. e4 c5 2. Nf3 e6 3. d4 cxd4 4. Nxd4 a6 5. Bd3 Nf6 6. c4 Qc7 7. Nc3 Nc6 8. Nxc6 dxc6 9. 0-0 e5 10. Qe2 Be7 11. h3 0-0 12. Be3 Be6 13. Rfd1 Rfd8 14. Na4 Nd7 15. c5 Qa5 16. Qc2 Qc7 17. b4 a5 18. a3 axb4 19. axb4 Nb8 20. Nb6 Rxa1 21. Rxa1 h6 22. Bc4 Bxc4 23. Nxc4 Na6 24. Qc3 f6 25. Nb6 Bf8 26. Kf1 Qe7 27. Ke2 Nc7 28. Rd1 Rxd1 29. Kxd1 Nb5 30. Qc4+ Kh7 31. Ke2 g6 32. Qd3 Kg7 33. f3 h5 34. h4 Qe6 35. Qc4 Kf7 36. Kd3 Na3 37. Qxe6+ Kxe6 38. Kc3 Be7 39. Kb3 Nb5 40. Nc4 Bd8 41. g4 Bc7 42. Kc2 1/2-1/2

[Event "Politiken Cup 36th"]
[Site "Helsingor"]
[Date "2014.07.21"]
[Round "1"]
[White "Alle, Ambjorn"]
[Black "Hansen, Tommy"]
[Result "1-0"]
[WhiteElo "2196"]
[BlackElo "1797"]
[PlyCount "63"]
[EventDate "2014.07.21"]
[EventType "swiss"]
[EventRounds "10"]
[EventCountry "DEN"]
[SourceTitle "CBM 161 Extra"]
[Source "ChessBase"]
[SourceDate "2014.08.29"]
[SourceVersion "1"]
[SourceVersionDate "2014.08.29"]
[SourceQuality "1"]

1. Nf3 Nf6 2. c4 b6 3. g3 Bb7 4. Bg2 c5 5. 0-0 g6 6. Nc3 Bg7 7. Re1 0-0 8. e4 d6 9. d4 cxd4 10. Nxd4 Qc8 11. Nd5 Re8 12. Bg5 Nbd7 13. Rc1 h6 14. Be3 Bxd5 15. cxd5 Qa6 16. a3 Ne5 17. Bf1 Qb7 18. Bf4 Nfd7 19. Bb5 Rac8 20. Qe2 Rc5 21. b4 Rxc1 22. Rxc1 f5 23. Ba6 Qa8 24. Ne6 Qb8 25. exf5 gxf5 26. Qh5 Nf8 27. Nxg7 Kxg7 28. Qxh6+ Kg8 29. Bxe5 dxe5 30. Qg5+ Kh8 31. Qxf5 Qd6 32. Qh5+ 1-0

[Event "Politiken Cup 35th"]
[Site "Helsingor"]
[Date "2013.08.03"]
[Round "9"]
[White "Tallaksen, Henrik G"]
[Black "Hansen, Tommy"]
[Result "1/2-1/2"]
[WhiteElo "1725"]
[BlackElo "1804"]
[PlyCount "68"]
[EventDate "2013.07.27"]
[EventType "swiss"]
[EventRounds "10"]
[EventCountry "DEN"]
[SourceTitle "CBM 155 Extra"]
[Source "ChessBase"]
[SourceDate "2013.08.26"]
[SourceVersion "1"]
[SourceVersionDate "2013.08.26"]
[SourceQuality "1"]

1. c4 Nc6 2. Nc3 e5 3. g3 f5 4. Bg2 Nf6 5. d3 Bb4 6. Bd2 0-0 7. a3 Bxc3 8. Bxc3 d6 9. Nf3 Qe8 10. b4 e4 11. dxe4 fxe4 12. Nd4 e3 13. f3 Ne5 14. c5 dxc5 15. bxc5 c6 16. Qb3+ Kh8 17. Bb2 Ned7 18. Rc1 Nd5 19. Qc2 N7f6 20. h4 Qe5 21. f4 Nxf4 22. gxf4 Qxf4 23. Kd1 Ng4 24. Qc3 Nf2+ 25. Kc2 Nxh1 26. Rxh1 Qg4 27. Bf3 Qg6+ 28. Kc1 h5 29. Rh2 Qg1+ 30. Kc2 Qxh2 31. Ne6 Rf7 32. Nxg7 Kg8 33. Nxh5 Bf5+ 34. Kb3 Be6+ 1/2-1/2

[Event "Politiken Cup 35th"]
[Site "Helsingor"]
[Date "2013.08.02"]
[Round "8"]
[White "Hansen, Tommy"]
[Black "Olsen, Miriam F"]
[Result "0-1"]
[WhiteElo "1804"]
[BlackElo "1959"]
[PlyCount "66"]
[EventDate "2013.07.27"]
[EventType "swiss"]
[EventRounds "10"]
[EventCountry "DEN"]
[SourceTitle "CBM 155 Extra"]
[Source "ChessBase"]
[SourceDate "2013.08.26"]
[SourceVersion "1"]
[SourceVersionDate "2013.08.26"]
[SourceQuality "1"]

1. e4 c5 2. Nf3 e6 3. d4 cxd4 4. Nxd4 Nc6 5. Nc3 a6 6. Nxc6 bxc6 7. Bd3 d5 8. 0-0 Nf6 9. Re1 Be7 10. e5 Nd7 11. Qg4 g6 12. Bh6 Qc7 13. Qh3 Rg8 14. Bf4 h5 15. Na4 g5 16. Be3 h4 17. Qg4 Nxe5 18. Qh5 Nxd3 19. Qh7 Rf8 20. Qxd3 Rb8 21. b3 c5 22. Rad1 Bb7 23. Qc3 d4 24. Rxd4 Qc6 25. Rg4 f5 26. f3 fxg4 27. Qe5 gxf3 28. gxf3 Qxf3 29. Qxb8+ Bd8 30. Qxb7 Qxb7 31. Nxc5 Qb4 32. Nd3 Qg4+ 33. Kh1 Qf3+ 0-1